الإعاقة الحركية والشلل الدماغي / (رقم التسجيلة. 26994)

تفاصيل مارك
000 -الفاتح
عناصر البيانات ثابتة الطول 00813cam a2200229 i 4500
005 - تاريخ ووقت آخر معاملة
حقل ضبط 20260204122559.0
008 - عناصر البيانات ثابتة الطول
عناصر البيانات ثابتة الطول 250721s2002 jo gr 000 0 ara d
082 14 - رقم تصنيف ديوي العشري
رقم التصنيف 616.842
رقم المادة ص ف د
100 1# - مدخل رئيسي – اسم شخصي
الاسم الشخصي الصفدي، عصام
علاقة الشخص بالعمل/ دوره مؤلف.
245 12 - بيان العنوان
العنوان الإعاقة الحركية والشلل الدماغي /
بيان المسؤولية تأليف د. عصام حمدي الصفدي.
250 ## - بيان الطبعة
بيان الطبعة الطبعة الأولى.
264 31 - بيانات النشر، التوزيع…إلخ
مكان النشر، التوزيع...إلخ عمان :
اسم الناشر، الموزع...إلخ دار الياوزري،
تاريخ النشر، التوزيع...إلخ 2002.
300 ## - الوصف المادي
عدد الوحدات المكونة للوعاء 221 صفحة.
650 17 - مدخل إضافي بالموضوع - مصطلح موضوعي
مصطلح موضوعي أو اسم جغرافي كعنصر مدخل الشلل.
650 17 - مدخل إضافي بالموضوع - مصطلح موضوعي
مصطلح موضوعي أو اسم جغرافي كعنصر مدخل أمراض الجهاز العصبي.
650 17 - مدخل إضافي بالموضوع - مصطلح موضوعي
مصطلح موضوعي أو اسم جغرافي كعنصر مدخل إضطربات الحركة.
650 17 - مدخل إضافي بالموضوع - مصطلح موضوعي
مصطلح موضوعي أو اسم جغرافي كعنصر مدخل الشلل الدماغي.
650 17 - مدخل إضافي بالموضوع - مصطلح موضوعي
مصطلح موضوعي أو اسم جغرافي كعنصر مدخل الإعاقة.
650 17 - مدخل إضافي بالموضوع - مصطلح موضوعي
مصطلح موضوعي أو اسم جغرافي كعنصر مدخل المعوقيون حركياً.
942 ## - بيانات إضافية (كوها)
نوع التنصيف Dewey Decimal Classification
نوع المادة (كوها) كتب
المقتنيات
حالة السحب حالة الفقدان مصدر التصنيف حالة التلف غير قابل للإعارة المكتبة الرئيسية المكتبة الحالية موقع الرف تاريخ التزويد الرقم المتسلسل Total Checkouts رقم الإستدعاء تاريخ آخر ظهور تاريخ الفاتورة نوع المادة (كوها) الباركود العملة
    Dewey Decimal Classification     المكتبة المركزية المكتبة المركزية الإعارة 04/02/2026 486270   616.842 / ص ف د 04/02/2026 04/02/2026 كتب 486270 JOD
    Dewey Decimal Classification     مكتبة الأميرة سلمى مكتبة الأميرة سلمى الإعارة 04/07/2015 1465103   616.842/صفد 28/07/2025 04/07/2015 كتب PLD00335809  
    Dewey Decimal Classification Unchecked   مكتبة الاميرة بديعة مكتبة الاميرة بديعة الإعارة 06/07/2004 486283   616.842/صفد 28/07/2025 06/07/2004 كتب    
    Dewey Decimal Classification     مكتبة الجويدة مكتبة الجويدة الإعارة 28/07/2025 486284   616.842/صفد 28/07/2025 28/07/2025 كتب 486284  
    Dewey Decimal Classification     مكتبة الحسن العامة مكتبة الحسن العامة الإعارة 06/07/2004 486285   616.842/صفد 28/07/2025 06/07/2004 كتب 486285  
    Dewey Decimal Classification     مكتبة حمزة العامة مكتبة حمزة العامة الإعارة 13/01/2016 486286   616.842/صفد 28/07/2025 13/01/2016 كتب PLD00368895  
    Dewey Decimal Classification     مكتبة صويلح العامة مكتبة صويلح العامة الإعارة 06/07/2004 486281   616.842/صفد 28/07/2025 06/07/2004 كتب 486281  
Implemented & Customized by: BBB with SCIT (Smart Chains for Information Technology)

Powered by Koha